Statystyki dla Top 50 piłkarzy sezonu 2019/20 wg. portalu Whoscored.com

Kliknij tutaj aby rozwiązać quiz!

Ogólne statystyki

  • Ten quiz został rozwiązany 299 razy
  • Średni wynik to 32 z 50

Statystyki odpowiedzi

KlubNarodowośćNazwisko% Poprawnych
1FC BarcelonaArgentynaLionel Messi
100%
3Bayern MonachiumPolskaRobert Lewandowski
100%
4PSGFrancjaKylian Mbappé
98%
2PSGBrazyliaNeymar
98%
8JuventusPortugaliaCristiano Ronaldo
93%
6Manchester CityBelgiaKevin de Bruyne
90%
14FC BarcelonaUrugwajLuis Suárez
89%
9PSGArgentynaÁngel Di María
87%
26LiverpoolSenegalSadio Mané
85%
7Borussia DortmundAngliaJadon Sancho
84%
30LiverpoolEgiptMohammed Salah
83%
16Manchester CityAlgieriaRiyad Mahrez
82%
47Bayern MonachiumNiemcyThomas Müller
81%
11Lazio RzymWłochyCiro Immobile
78%
35Real MadrytFrancjaKarim Benzema
78%
34LiverpoolHolandiaVirgil van Dijk
78%
37JuventusArgentynaPaulo Dybala
75%
17RB LipskNiemcyTimo Werner
75%
22Bayern MonachiumKanadaAlphonso Davies
74%
28Borussia DortmundNiemcyMarco Reus
72%
27AS RomaBośnia i HercegowinaEdin Džeko
71%
32Inter MediolanBelgiaRomelu Lukaku
71%
5Atalanta BergamoSłoweniaJosip Iličić
70%
15Bayern MonachiumNiemcySerge Gnabry
68%
39Borussia DortmundMarokoAchraf Hakimi
66%
44Bayern MonachiumNiemcyJoshua Kimmich
66%
20Real MadrytBrazyliaCasemiro
65%
21Bayern MonachiumHiszpaniaThiago
65%
18Atalanta BergamoKolumbiaDuván Zapata
63%
45Manchester UnitedAngliaMarcus Rashford
61%
36Real BetisFrancjaNabil Fekir
60%
13WolverhamptonHiszpaniaAdama Traoré
57%
10Olympique MarsyliaFrancjaDimitri Payet
57%
12Lazio RzymHiszpaniaLuis Alberto
55%
40Leicester CityNigeriaWilfred Ndidi
52%
23Atalanta BergamoArgentynaAlejandro Gómez
51%
49Lazio RzymSerbiaSergej Milinković-Savić
51%
50PSGSenegalIdrissa Gueye
47%
46Aston VillaAngliaJack Grealish
46%
41Borussia DortmundPortugaliaRaphaël Guerreiro
44%
25Leicester CityPortugaliaRicardo Pereira
44%
19Eintracht FrankfurtSerbiaFilip Kostić
41%
24RB LipskFrancjaChristopher Nkunku
40%
29SassuoloWłochyDomenico Berardi
38%
43Leicester CityAngliaJames Maddison
37%
42AS MonacoFrancjaWissam Ben Yedder
37%
48Borussia MönchengladbachFrancjaMarcus Thuram
36%
31MontpellierFrancjaTéji Savanier
14%
38Real SociedadHiszpaniaMikel Merino
12%
33Schalke 04NiemcySuat Serdar
10%

Rozkład punktacji

Percentyl według liczby udzielonych odpowiedzi

Procent ludzi z każdym wynikiem

Twoja historia wyników

Nie rozwiązałeś tego quizu